00377nam a2200109Ia 4500008004100000082002000041100001900061245003100080260003100111630001800142650010700160211122s9999||||xx |||||||||||||| ||und|| a894.812 bSAR-V aSaradakutty, S 0aVicharam Vimarsam Viswasam bMathrubhumi BooksaCalicut xGeneral Stack aLITERATURE AND RHETORICvLITERATURE OF OTHER LANGUAGESALTAIC,URALIC,HYPERBOREAN AND DRAVIDIANMalayalam